000 00413nam a2200169Ia 4500
001 30184
003 IN-NITTTR
005 20251114233409.0
008 251113s9999||||xx |||||||||||||| ||eng||
040 _beng
040 _cIN-NITTTR
041 _aeng
082 _aR 005.133 D885M
100 _aDukkipati, R. V.
245 0 _aMATLAB :
_b an introduction with application /
_cDukkipati, R. V.
942 _2ddc
_cBK
999 _c32812
_d32812